000 00658nam a2200217 a 4500
001 000011031
003 DO-SdBNP
005 20240412074222.0
008 091013s19uu dr a 000 p spa d
040 _aDO-SdBNP
_bspa
_cBNPHU
082 4 _aRD861.44
_bR934p
_222
100 1 _aRuiz del Rosario, Edmundo
_926475
245 1 0 _aMi pluma, mi alma y yo /
_cEdmundo Ruiz del Rosario.
260 _aSanto Domingo :
_bIsabelita,
_c[198?].
300 _a59 p. :
_bil. ;
_c21 cm.
590 _aInventariado, 2023/MFF
650 4 _aPoesía dominicana
_966
650 0 _aLiteratura dominicana.
_967
910 _aValidado. Control de calidad MFF
942 _2ddc
_cLBS1
999 _c10769
_d10769